Nové trendy v chovu prasat : seminář : Kostelec nad Orlicí, 7. března 2013 : [sborník příspěvků /

Korporativní autor: Výzkumný ústav živočišné výroby
Další autoři: Nové trendy v chovu prasat (seminář), Václavková, Eva, Sdružení východočeských chovatelů hospodářských zvířat, Česká akademie zemědělských věd
Jazyk: Čeština
Vydáno: [Kostelec nad Orlicí] : Výzkumný ústav živočišné výroby, 2013
Témata:
Fyzický popis: 27 s. : il. ; 21 cm
Knihy
Uloženo v:
LEADER 01912nam a2200445 a 4500
001 nkc20132456419
003 CZ PrNK
005 20140117081254.0
007 ta
008 130416s2013 xr a e 100 0 cze
015 |a cnb002456419 
020 |a 978-80-7403-108-3  |q (brož.) 
035 |a (OCoLC)842346717 
040 |a ABA001  |b cze 
072 7 |a 636  |x Chov zvířat. Živočišná výroba  |2 Konspekt  |9 24 
080 |a 636.4  |2 MRF 
080 |a 636.08  |2 MRF 
080 |a (062.534)  |2 MRF 
111 2 |a Nové trendy v chovu prasat (seminář)  |d (2013 :  |c Kostelec nad Orlicí, Česko)  |7 kn20130424013 
245 1 0 |a Nové trendy v chovu prasat :  |b seminář : Kostelec nad Orlicí, 7. března 2013 : [sborník příspěvků /  |c editor Eva Václavková] 
246 1 4 |a Seminář Nové trendy v chovu prasat 
260 |a [Kostelec nad Orlicí] :  |b Výzkumný ústav živočišné výroby,  |c 2013 
300 |a 27 s. :  |b il. ;  |c 21 cm 
500 |a Nad názvem: Výzkumný ústav živočišné výroby, Sdružení východočeských chovatelů hospodářských zvířat, Česká akademie zemdělských věd 
504 |a Obsahuje bibliografii 
650 0 7 |a prasata  |7 ph115875  |2 czenas 
650 0 7 |a chov hospodářských zvířat  |7 ph119201  |2 czenas 
650 0 9 |a pigs  |2 eczenas 
650 0 9 |a livestock keeping  |2 eczenas 
655 7 |a sborníky konferencí  |7 fd133333  |2 czenas 
655 9 |a proceedings of conferences  |2 eczenas 
700 1 |a Václavková, Eva  |7 jx20080411015  |4 edt 
710 2 |a Výzkumný ústav živočišné výroby  |7 kn20010724966 
710 2 |a Sdružení východočeských chovatelů hospodářských zvířat  |7 kn20031125007 
710 2 |a Česká akademie zemědělských věd  |7 ko2002107782 
910 2 |a BOA001  |b 2-1316.014 
990 |a BK 
995 |a 01 
991 |b 201401  |c NOV  |e n 
996 6 |b 2610573238  |c 2-1316.014  |l MZK  |r Sklad / do 1 hodiny  |n 6  |p p.v.  |w 001387986  |u 000010  |a 1  |e BOA001  |j MZK50  |s P